书目信息 |
| 题名: |
《乡村建设理论》述要
|
|
| 作者: | 高强 编著 | |
| 分册: | ||
| 出版信息: | 北京 中国民主法制出版社 2012.9 |
|
| 页数: | 168页 | |
| 开本: | 24cm | |
| 丛书名: | 北京开放大学经典读本系列丛书 | |
| 单 册: | ||
| 中图分类: | C912.82 , D693.62 | |
| 科图分类: | ||
| 主题词: | 农村社会学--研究--中国--民国 , 乡村建设--研究--中国--民国 | |
| 电子资源: | ||
| ISBN: | 978-7-5162-0157-2 | |
| 000 | 01101nam 2200277 45 | |
| 001 | 1355433093 | |
| 005 | 20130513104511.48 | |
| 010 | @a978-7-5162-0157-2@dCNY25.00 | |
| 100 | @a20130108d2012 em y0chiy0121 ea | |
| 101 | 0 | @achi |
| 102 | @aCN@b110000 | |
| 105 | @ay z 000yy | |
| 106 | @ar | |
| 200 | 1 | @a《乡村建设理论》述要@A《 Xiang Cun Jian She Li Lun》 Shu Yao@f高强编著@FGao Qiang Bian Zhu |
| 210 | @a北京@c中国民主法制出版社@d2012.9 | |
| 215 | @a168页@d24cm | |
| 225 | 2 | @a北京开放大学经典读本系列丛书 |
| 330 | @a本书首次问世是在1937年, 正当抗日战争爆发前夕, 距今已七十多年。七十年前, 梁漱溟在书中所提出的种种见解主张与具体实施方案, 其中有的早已被事实所否定, 有的因为时过境迁已不再适应今天的社会。但反观历史, 回溯前人思考所得, 从中依然可为人们提供得失经验, 提供解决问题的思路与方法。 | |
| 461 | 0 | @12001 @a北京开放大学经典读本系列丛书 |
| 606 | 0 | @a农村社会学@x研究@y中国@z民国 |
| 606 | 0 | @a乡村建设@x研究@y中国@z民国 |
| 690 | @aC912.82@v5 | |
| 690 | @aD693.62@v5 | |
| 701 | 0 | @a高强@AGao Qiang@4编著 |
| 801 | @aCN@bTANGWEI@c20130111 | |
| 905 | @b0831343-45@dC912.82@e792@f3 | |
| 《乡村建设理论》述要/高强编著.-北京:中国民主法制出版社,2012.9 |
| 168页;24cm.-(北京开放大学经典读本系列丛书) |
| ISBN 978-7-5162-0157-2:CNY25.00 |
| 本书首次问世是在1937年, 正当抗日战争爆发前夕, 距今已七十多年。七十年前, 梁漱溟在书中所提出的种种见解主张与具体实施方案, 其中有的早已被事实所否定, 有的因为时过境迁已不再适应今天的社会。但反观历史, 回溯前人思考所得, 从中依然可为人们提供得失经验, 提供解决问题的思路与方法。 |
| ● |
| 相关链接 |
|
|
|
|
正题名:《乡村建设理论》述要
索取号:C912.82/792
 
预约/预借
| 序号 | 登录号 | 条形码 | 馆藏地/架位号 | 状态 | 备注 |
| 1 | 0831343 | 208313430 | 第一样本阅览室/ [索取号:C912.82/792] | 在馆 | |
| 2 | 0831344 | 208313449 | 密集书库-资源管理系/ [索取号:C912.82/792] | 在馆 | |
| 3 | 0831345 | 208313458 | 第一借阅区/ [索取号:C912.82/792] | 在馆 |